| 000 | 01197nam a22002297a 4500 | ||
|---|---|---|---|
| 999 |
_c58432 _d58432 |
||
| 003 | Ge_BSU | ||
| 005 | 20220207122034.0 | ||
| 008 | 220207s2021 ge ||||| |||| 00| 0 geo d | ||
| 020 | _a9789941972416 | ||
| 041 | _ageo | ||
| 080 | _a373.2 ბ-73 | ||
| 100 |
_aბიტი, ჯენის ჯ. _913486 |
||
| 245 |
_aსკოლამდელი განათლების პედაგოგთა უნარ-ჩვევები = Skills for Preschool Teathers _cჯენის ჯ. ბიტი; რედაქტორი ზურაბ აბაშიძე; მთარგმნელი ხათუნა ბუზარიაშვილი. |
||
| 264 |
_aთბილისი : _bსაგა, _c2021. |
||
| 300 |
_a400 გვ.: _bილ., _c28 სმ. |
||
| 653 | _aსკოლამდელი განათლება | ||
| 653 | _aპედაგოგთა უნარ-ჩვევები | ||
| 653 | _aპედაგოგიკა | ||
| 700 |
_aაბაშიძე, ზურაბ _eრედაქტორი _91322 |
||
| 700 |
_aბუზარიაშვილი, ხათუნა _eმთარგმნელი _913487 |
||
| 942 |
_2udc _cBK |
||